| 000 | 00362nam a22001457a 4500 | ||
|---|---|---|---|
| 005 | 20230725140112.0 | ||
| 008 | 230725b |||||||| |||| 00| 0 eng d | ||
| 020 | _a819622030-8 | ||
| 041 | _aeng | ||
| 100 |
_aMANZAR,OMAIR _97873 |
||
| 245 | _aHINDUSTAN URDU SHAYRI KE HAWALE SE | ||
| 260 |
_aNEW DELHI _bKHUSHRO FOUNDATION _c2023 |
||
| 300 | _a174;p | ||
| 942 | _cBK | ||
| 999 |
_c8333 _d8331 |
||